Star Wars Citaten - Statistieken

Algemene statistieken
  • Deze quiz is 28 keer genomen
  • De gemiddelde score is 10 van 17
Antwoordstatistieken
Wie het zegt Citaat % Correct
Verscheidene May the {force} be with you
96%
Titelreeks A long time ago in a {galaxy} far, far away
91%
Darth Vader I am your {father}
91%
Verscheidene I've got a {bad} {feeling} about this
87%
Princess Leia Help me, Obi-Wan Kenobi. You're my {only} {hope}.
83%
Princess Leia Aren't you a little {short} for a stormtrooper?
70%
Yoda Do. Or do not. There is no {try}.
65%
Darth Vader I find your lack of {faith} disturbing
61%
Obi-Wan Kenobi That's no {moon}. It's a space station.
61%
Obi-Wan Kenobi These aren't the {droids} you're looking for
57%
Obi-Wan Kenobi I felt a great {disturbance} in the force, as if millions of voices suddenly cried out in terror and were suddenly silenced
52%
Admiral Ackbar It's a {TRAP}!!!
52%
Han Solo Never tell me the {odds}
39%
Qui-Gon Jinn There's always a bigger {fish}
39%
Han Solo You've never heard of the Millennium Falcon? It's the ship that made the Kessel run in less than 12 {parsecs}.
30%
Darth Vader I am {alter}ing the deal. Pray I don't {alter} it any further.
22%
Yoda When nine hundred years old you reach, {look} {as} {good}, you will not
13%
Geen overeenkomende quizzen gevonden
Scoreverdeling
Procent van Mensen met Elke Score
Percentiel versus Aantal Correcte Antwoorden
Uw Scoregeschiedenis
U heeft deze quiz nog niet genomen